| 000 -LEADER |
| fixed length control field |
00711nam a22002297a 4500 |
| 005 - DATE AND TIME OF LATEST TRANSACTION |
| control field |
20151111071910.0 |
| 008 - FIXED-LENGTH DATA ELEMENTS--GENERAL INFORMATION |
| fixed length control field |
080624s2008 mou 000 0 eng |
| 020 ## - INTERNATIONAL STANDARD BOOK NUMBER |
| International Standard Book Number |
9781881018636 |
| 041 0# - LANGUAGE CODE |
| Language code of text/sound track or separate title |
eng |
| 080 ## - UNIVERSAL DECIMAL CLASSIFICATION NUMBER |
| Universal Decimal Classification number |
681.2 |
| 100 1# - Rafti |
| Rafti |
Oakes, William C., |
| 245 10 - TITLE STATEMENT |
| Title |
Engineering your future : |
| Statement of responsibility, etc |
WIlliam C. Oakes, Les L. Leone, Craig J. Gunn ; editor, John L. Gruender. |
| 250 ## - |
| -- |
6th ed. |
| 260 ## - |
| -- |
St. Louis, MO : |
| -- |
Great Lakes Press, |
| -- |
2008. |
| 300 ## - |
| -- |
594 f. : |
| -- |
me il.; |
| -- |
26 cm. |
| 505 ## - |
| -- |
Index: f. 591 - 594 |
| 650 #0 - |
| -- |
Inxhinieri |
| 700 1# - |
| -- |
Leone, Les L. |
| 700 1# - |
| -- |
Gunn, Craig J. |
| 700 1# - |
| -- |
Gruender, John L. |
| 942 ## - ADDED ENTRY ELEMENTS (KOHA) |
| Source of classification or shelving scheme |
|
| Item type |
Books |